Normal view
MARC view
Entry Personal Name
001 - CONTROL NUMBER
- control field: 27752
003 - CONTROL NUMBER IDENTIFIER
- control field: ARRUPE
005 - DATE AND TIME OF LATEST TRANSACTION
- control field: 20161130090339.0
008 - FIXED-LENGTH DATA ELEMENTS
- fixed length control field: 161130|| aca||aabn | a|a d
040 ## - CATALOGING SOURCE
- Original cataloging agency: ARRUPE
- Transcribing agency: ARRUPE
100 ## - HEADING--PERSONAL NAME
- Personal name: Mary, Blessed Virgin
- General subdivision: Theology
670 ## - SOURCE DATA FOUND
- Source citation: Work cat.: (ARRUPE)6801: Schillebeecky, E O.P. 27751, Mary Mother of the Redemption